| 000 | 00722cab a22001935a 4500 | ||
|---|---|---|---|
| 001 | L158340 | ||
| 008 | 150113e2015 xxk 000 0 eng d | ||
| 035 | _a(Sirsi) u158340 | ||
| 041 | 0 | _aeng | |
| 100 | 1 | _aMahony, Chris | |
| 245 | 0 | 0 |
_aLooking for clues _h[electronic resource] |
| 260 |
_bRICS _c2015 |
||
| 490 |
_aRICS Building Surveying Journal _vDecember 2014-January 2015, 6-7 (2) |
||
| 520 | _aExplains why inspecting buildings is fundamental to the work of building surveyors. | ||
| 650 | 2 | 4 |
_aBuilding surveying _96225 |
| 651 | 4 |
_aUnited Kingdom _y |
|
| 856 | 4 | 0 |
_uhttps://www.rics.org/Global/Building_Surveying_Journal_December_2014_January_2015.pdf _zView the article free of charge at www.rics.org |
| 942 | _n0 | ||
| 999 |
_c84570 _d84570 |
||